[Event "LSS CP-2007-P-00029"]
[Site "LSS email"]
[Date "2007.10.01"]
[Round "?"]
[White "Ulrich, Peter"]
[Black "Vidal, Lionel"]
[Result "0-1"]
[WhiteElo "1485"]
[BlackElo "2304"]
[PlyCount "68"]
[EventDate "2007.10.01"]
[EventType "tourn (corr)"]
[EventRounds "6"]
[EventCountry "GER"]
[SourceTitle "Corr 2011"]
[Source "ChessBase"]
[SourceDate "2010.08.31"]
[SourceVersion "1"]
[SourceVersionDate "2010.08.31"]
[SourceQuality "1"]

1. d4 d5 2. c4 e6 3. a3 Nf6 4. e3 dxc4 5. Bxc4 c5 6. Nf3 a6 7. 0-0 b5 8. Ba2 Bb7 9. dxc5 Bxc5 10. b4 Bd6 11. Bb2 0-0 12. Nbd2 Nbd7 13. Qe2 Qe7 14. Rfd1 Rac8 15. Rac1 Rfd8 16. h3 Bb8 17. Rxc8 Rxc8 18. Bb1 Nd5 19. Bd4 e5 20. Bb2 Nc3 21. Bxc3 Rxc3 22. Be4 Nf8 23. Nb1 Rc4 24. Bxb7 Qxb7 25. Nfd2 Rc8 26. Nb3 Ne6 27. N1d2 g6 28. Na5 Qd5 29. Ndb3 Qe4 30. Rd7 Rc7 31. Rd6 Rc2 32. Rd2 Rxd2 33. Qxd2 Bc7 34. Qc1 Qd5 0-1

[Event "FICGS W-ch st2 g05 email"]
[Site "FICGS email"]
[Date "2007.07.11"]
[Round "1"]
[White "Ivanov, Hristo"]
[Black "Vidal, Lionel"]
[Result "1/2-1/2"]
[WhiteElo "2200"]
[BlackElo "2311"]
[PlyCount "76"]
[EventDate "2007.??.??"]
[EventType "tourn (corr)"]
[EventRounds "8"]
[SourceTitle "Corr 2022"]
[Source "ChessBase"]
[SourceDate "2021.10.24"]
[SourceVersion "1"]
[SourceVersionDate "2021.10.24"]
[SourceQuality "1"]

1. e4 e6 2. d4 d5 3. Nc3 dxe4 4. Nxe4 Bd7 5. Nf3 Bc6 6. Bd3 Nd7 7. 0-0 Ngf6 8. Ng3 Be7 9. Re1 Bxf3 10. Qxf3 c6 11. c3 0-0 12. Bf4 Re8 13. Rad1 Qb6 14. Ne4 Nxe4 15. Qxe4 Nf8 16. Qe2 Rad8 17. b4 Ng6 18. Qh5 Bf6 19. Be3 Qc7 20. f4 Nxf4 21. Qxh7+ Kf8 22. d5 b6 23. Bxf4 Qxf4 24. dxc6 Bxc3 25. Rf1 Qxb4 26. c7 Qc5+ 27. Kh1 Qxc7 28. Rc1 Ke7 29. Bg6 Rf8 30. Qh4+ f6 31. Qh3 Rc8 32. Rfe1 f5 33. Qh4+ Rf6 34. Qh7 Rf7 35. Bxf7 Kxf7 36. Qh5+ Kf6 37. Qh4+ Kf7 38. Qh5+ Kf6 1/2-1/2

[Event "FICGS W-ch st2 g05 email"]
[Site "FICGS email"]
[Date "2007.07.11"]
[Round "1"]
[White "Vidal, Lionel"]
[Black "Paine, Kevin"]
[Result "1/2-1/2"]
[WhiteElo "2311"]
[BlackElo "1682"]
[PlyCount "101"]
[EventDate "2007.??.??"]
[EventType "tourn (corr)"]
[EventRounds "8"]
[SourceTitle "Corr 2022"]
[Source "ChessBase"]
[SourceDate "2021.10.24"]
[SourceVersion "1"]
[SourceVersionDate "2021.10.24"]
[SourceQuality "1"]

1. c4 Nf6 2. Nc3 e6 3. e4 e5 4. a3 d6 5. Nge2 Be7 6. d4 Nbd7 7. d5 0-0 8. Ng3 c6 9. Be2 cxd5 10. cxd5 Nb6 11. 0-0 Bd7 12. a4 Qc7 13. Nb5 Bxb5 14. Bxb5 Rfc8 15. Nf5 g6 16. Nh6+ Kg7 17. Qf3 Qc2 18. Bd3 Qb3 19. g4 Rf8 20. Ra3 Qb4 21. Bb1 Ng8 22. Qh3 Rac8 23. Nxg8 Kxg8 24. a5 Nc4 25. Rb3 Qxa5 26. Rxb7 Rfe8 27. Bd3 Qd8 28. Rb4 Nb6 29. Bb5 Nd7 30. Bc6 Rc7 31. f4 exf4 32. Bxf4 Bf8 33. Qe3 Qe7 34. Ra4 Bg7 35. Bg5 Qe5 36. Rf2 Rec8 37. h4 Nb8 38. Bb5 Nd7 39. Qf3 Rf8 40. Bxd7 Rxd7 41. Rc4 Rb7 42. Qa3 Rb6 43. b4 h6 44. Bd2 Qe7 45. Qg3 Qd7 46. Kg2 Rc8 47. Rxc8+ Qxc8 48. Qf3 Rb7 49. h5 g5 50. Re2 Rc7 51. Rf2 1/2-1/2

[Event "IECG WC.2008.T.00005 email"]
[Site "IECG email"]
[Date "2007.02.02"]
[Round "?"]
[White "Schuster, Peter"]
[Black "Vidal, Lionel"]
[Result "1/2-1/2"]
[WhiteElo "2406"]
[BlackElo "2294"]
[PlyCount "54"]
[EventDate "2007.02.02"]
[EventType "tourn (corr)"]
[EventRounds "6"]
[SourceTitle "Corr 2008"]
[Source "ChessBase"]
[SourceDate "2008.06.24"]
[SourceVersion "1"]
[SourceVersionDate "2008.06.24"]
[SourceQuality "1"]

1. e4 e5 2. Nf3 Nc6 3. Bb5 a6 4. Ba4 Nf6 5. 0-0 Be7 6. Re1 b5 7. Bb3 d6 8. c3 0-0 9. h3 Na5 10. Bc2 c5 11. d4 Nd7 12. Nbd2 exd4 13. cxd4 Nc6 14. Nf1 cxd4 15. Nxd4 Nxd4 16. Qxd4 Ne5 17. Qd1 Bf6 18. a4 Rb8 19. axb5 axb5 20. Ne3 Nc4 21. Ra2 Nxe3 22. Bxe3 Be6 23. Bb3 Bc4 24. Bxc4 bxc4 25. Qd5 Rxb2 26. Rxb2 Bxb2 27. Qxc4 Qf6 1/2-1/2

[Event "FICGS W-ch st1 gN 01 email"]
[Site "FICGS email"]
[Date "2007.01.16"]
[Round "1"]
[White "Brunsteins, Daniel"]
[Black "Vidal, Lionel"]
[Result "1-0"]
[WhiteElo "2409"]
[BlackElo "2311"]
[PlyCount "65"]
[EventDate "2007.??.??"]
[EventType "tourn (corr)"]
[EventRounds "6"]
[SourceTitle "Corr 2022"]
[Source "ChessBase"]
[SourceDate "2021.10.24"]
[SourceVersion "1"]
[SourceVersionDate "2021.10.24"]
[SourceQuality "1"]

1. d4 d5 2. c4 dxc4 3. Nf3 Nf6 4. e3 e6 5. Bxc4 c5 6. 0-0 a6 7. a4 Nc6 8. Qe2 cxd4 9. Rd1 Be7 10. exd4 0-0 11. Nc3 Nd5 12. Bb3 Re8 13. h4 Ncb4 14. h5 b6 15. h6 g6 16. Bd2 Bb7 17. Ne5 Rc8 18. Rac1 a5 19. Nxd5 Bxd5 20. Rxc8 Qxc8 21. Rc1 Qd8 22. Bxb4 Bxb4 23. Bxd5 Qxd5 24. Rc7 Qxd4 25. Qf3 Rf8 26. Nd7 Qxb2 27. g4 f5 28. Qe3 Qb1+ 29. Kg2 Qa2 30. Qe5 Qd5+ 31. Qxd5 exd5 32. Nxf8 Bxf8 33. g5 1-0

[Event "FICGS W-ch st1 gN 01 email"]
[Site "FICGS email"]
[Date "2007.01.16"]
[Round "1"]
[White "Caire, Francois"]
[Black "Vidal, Lionel"]
[Result "1/2-1/2"]
[WhiteElo "2368"]
[BlackElo "2311"]
[PlyCount "70"]
[EventDate "2007.??.??"]
[EventType "tourn (corr)"]
[EventRounds "6"]
[SourceTitle "Corr 2022"]
[Source "ChessBase"]
[SourceDate "2021.10.24"]
[SourceVersion "1"]
[SourceVersionDate "2021.10.24"]
[SourceQuality "1"]

1. d4 d5 2. Nf3 Nf6 3. c4 dxc4 4. e3 e6 5. Bxc4 c5 6. 0-0 a6 7. dxc5 Bxc5 8. Qxd8+ Kxd8 9. Ne5 Ke7 10. Be2 Nbd7 11. Nc4 Rd8 12. Nbd2 Kf8 13. Nb3 Be7 14. Nd4 Nc5 15. b3 Nce4 16. Nb6 Rb8 17. Bb2 Bc5 18. Nc4 Bd7 19. Rac1 Rbc8 20. Rfd1 Be7 21. Nb6 Rxc1 22. Nxd7+ Rxd7 23. Rxc1 Bd8 24. g3 Rc7 25. Rxc7 Bxc7 26. Bd3 Nc5 27. Bc2 Ke7 28. Kf1 g6 29. b4 Nce4 30. b5 a5 31. Nb3 Nd6 32. a4 Nc4 33. Ba1 b6 34. Nd4 Nd7 35. Ke2 Nc5 1/2-1/2

[Event "FICGS W-ch st1 gN 01 email"]
[Site "FICGS email"]
[Date "2007.01.16"]
[Round "1"]
[White "Vidal, Lionel"]
[Black "Moreira, Jose"]
[Result "1-0"]
[WhiteElo "2311"]
[BlackElo "2296"]
[PlyCount "95"]
[EventDate "2007.??.??"]
[EventType "tourn (corr)"]
[EventRounds "6"]
[SourceTitle "Corr 2022"]
[Source "ChessBase"]
[SourceDate "2021.10.24"]
[SourceVersion "1"]
[SourceVersionDate "2021.10.24"]
[SourceQuality "1"]

1. Nc3 Nf6 2. e4 d6 3. f4 g6 4. Bc4 Bg7 5. d3 Nc6 6. Nf3 Na5 7. Bb3 c6 8. 0-0 0-0 9. Qe1 Qc7 10. Qh4 b5 11. e5 Nxb3 12. axb3 Nd5 13. Bd2 b4 14. Ne4 f5 15. Neg5 h6 16. Nh3 Be6 17. c4 bxc3 18. bxc3 Rfb8 19. c4 Nb4 20. d4 a5 21. Qg3 Bf7 22. Bc3 a4 23. Rxa4 Rxa4 24. bxa4 Na2 25. Bd2 Rb3 26. Ra1 Nb4 27. Rc1 Qa7 28. Bxb4 Rxb4 29. a5 dxe5 30. fxe5 g5 31. Qe1 Ra4 32. Nf2 Rxa5 33. c5 Bd5 34. Nd1 Be6 35. Nb2 Qa6 36. Nd2 Ra3 37. Ndc4 Ra2 38. Qc3 f4 39. Nd3 Bd5 40. Ncb2 Ra3 41. Qd2 Rb3 42. Nf2 Be6 43. Nbd1 Bf5 44. Nc3 Qa3 45. Nfd1 Kh7 46. Kf2 e6 47. Ke1 Rb2 48. Qxb2 1-0

[Event "FICGS W-ch st1 gN 01 email"]
[Site "FICGS email"]
[Date "2007.01.16"]
[Round "1"]
[White "Vidal, Lionel"]
[Black "Zubac, Marius"]
[Result "0-1"]
[WhiteElo "2311"]
[BlackElo "2408"]
[PlyCount "80"]
[EventDate "2007.??.??"]
[EventType "tourn (corr)"]
[EventRounds "6"]
[SourceTitle "Corr 2022"]
[Source "ChessBase"]
[SourceDate "2021.10.24"]
[SourceVersion "1"]
[SourceVersionDate "2021.10.24"]
[SourceQuality "1"]

1. Nc3 d5 2. e4 d4 3. Nce2 e5 4. Ng3 Be6 5. Nf3 f6 6. c3 d3 7. Nxe5 fxe5 8. Qh5+ Kd7 9. Qxe5 Nc6 10. Qb5 Bd6 11. Bxd3 a6 12. Qa4 Qh4 13. Be2 Nf6 14. Bf3 Rae8 15. d4 Nxe4 16. Nxe4 Bd5 17. Be3 Rxe4 18. 0-0-0 Kc8 19. Rhe1 Rhe8 20. g3 Qf6 21. Bxe4 Rxe4 22. Qc2 Qf7 23. b3 Re8 24. Kb2 Bf3 25. Ra1 Be4 26. Qd2 Qd5 27. Bf4 Be7 28. h4 h6 29. Qd1 Bf5 30. Re3 Rd8 31. Be5 Nxe5 32. Rxe5 Qd7 33. Qe2 Bf6 34. Re3 c5 35. Qc4 Qc6 36. Qxc5 Qxc5 37. dxc5 Rd2+ 38. Ka3 Rxf2 39. Kb4 Kc7 40. a4 g5 0-1

[Event "IECG CM.2006.0.00300 email"]
[Site "IECG email"]
[Date "2006.04.22"]
[Round "?"]
[White "Vidal, Lionel"]
[Black "Marez, Sebastien"]
[Result "1/2-1/2"]
[WhiteElo "2314"]
[BlackElo "2332"]
[PlyCount "77"]
[EventDate "2006.04.22"]
[EventType "tourn (corr)"]
[EventRounds "6"]
[SourceTitle "Corr 2008"]
[Source "ChessBase"]
[SourceDate "2008.06.24"]
[SourceVersion "1"]
[SourceVersionDate "2008.06.24"]
[SourceQuality "1"]

1. e4 c6 2. d4 d5 3. Nd2 dxe4 4. Nxe4 Bf5 5. Ng3 Bg6 6. h4 h6 7. Nf3 Nd7 8. h5 Bh7 9. Bd3 Bxd3 10. Qxd3 e6 11. Bf4 Qa5+ 12. Bd2 Qc7 13. Kf1 0-0-0 14. b4 Ngf6 15. Re1 Bd6 16. Rh4 Nd5 17. Qb3 Bxg3 18. fxg3 Ne7 19. Bf4 Qb6 20. c3 g5 21. hxg6 Nxg6 22. Rxh6 Nxf4 23. Rxh8 Rxh8 24. gxf4 Qb5+ 25. c4 Qf5 26. Qe3 Nb6 27. Rc1 Rg8 28. Ne5 Qh7 29. Kg1 Kb8 30. a3 Ka8 31. Qf3 Rh8 32. Kf2 Rg8 33. g3 Nc8 34. Qh1 Qg7 35. Rc3 Ne7 36. Qg2 Qh7 37. Nf3 Qg6 38. Ng5 Qb1 39. Qe4 1/2-1/2

[Event "IECG RH.2006.0.00035 email"]
[Site "IECG email"]
[Date "2006.04.15"]
[Round "?"]
[White "Castro Salguero, Robert"]
[Black "Vidal, Lionel"]
[Result "1/2-1/2"]
[WhiteElo "2206"]
[BlackElo "2314"]
[PlyCount "58"]
[EventDate "2006.04.15"]
[EventType "tourn (corr)"]
[EventRounds "6"]
[SourceTitle "Corr 2008"]
[Source "ChessBase"]
[SourceDate "2008.06.24"]
[SourceVersion "1"]
[SourceVersionDate "2008.06.24"]
[SourceQuality "1"]

1. e4 e5 2. Nf3 Nc6 3. Bb5 Nf6 4. 0-0 Nxe4 5. d4 Nd6 6. Bxc6 dxc6 7. dxe5 Nf5 8. Qxd8+ Kxd8 9. Nc3 Ne7 10. h3 h6 11. Rd1+ Ke8 12. Bf4 Ng6 13. Bh2 Bc5 14. a3 Ke7 15. Na4 Bb6 16. Nxb6 cxb6 17. c3 c5 18. Nd2 Rd8 19. Nc4 Rxd1+ 20. Rxd1 Be6 21. Nd6 Rd8 22. f4 f6 23. g4 fxe5 24. fxe5 Rf8 25. Rf1 Rxf1+ 26. Kxf1 Bd5 27. Bg3 Ke6 28. Nf5 Kf7 29. Kf2 a6 1/2-1/2

[Event "IECG RH.2006.0.00035 email"]
[Site "IECG email"]
[Date "2006.04.15"]
[Round "?"]
[White "Koch, Christian"]
[Black "Vidal, Lionel"]
[Result "1-0"]
[WhiteElo "2238"]
[BlackElo "2314"]
[PlyCount "57"]
[EventDate "2006.04.15"]
[EventType "tourn (corr)"]
[EventRounds "6"]
[SourceTitle "Corr 2008"]
[Source "ChessBase"]
[SourceDate "2008.06.24"]
[SourceVersion "1"]
[SourceVersionDate "2008.06.24"]
[SourceQuality "1"]

1. e4 e5 2. Nf3 Nc6 3. Bb5 Nf6 4. 0-0 Nxe4 5. d4 Nd6 6. Bxc6 dxc6 7. dxe5 Nf5 8. Qxd8+ Kxd8 9. Rd1+ Ke8 10. Nc3 Ne7 11. Be3 Bg4 12. Rd4 Bxf3 13. gxf3 Rd8 14. Rad1 Rxd4 15. Bxd4 b6 16. f4 Nf5 17. Ne4 h5 18. Bc3 a5 19. a3 h4 20. Kg2 Rh6 21. Kf3 Be7 22. Kg4 g6 23. Nf6+ Bxf6 24. exf6 Rh5 25. Be5 Nd6 26. Bxd6 cxd6 27. Rxd6 Rb5 28. Rxc6 Rxb2 29. Kg5 1-0

[Event "IECG RH.2006.0.00035 email"]
[Site "IECG email"]
[Date "2006.04.15"]
[Round "?"]
[White "Shishkin, Victor A"]
[Black "Vidal, Lionel"]
[Result "0-1"]
[WhiteElo "2157"]
[BlackElo "2314"]
[PlyCount "90"]
[EventDate "2006.04.15"]
[EventType "tourn (corr)"]
[EventRounds "6"]
[SourceTitle "Corr 2008"]
[Source "ChessBase"]
[SourceDate "2008.06.24"]
[SourceVersion "1"]
[SourceVersionDate "2008.06.24"]
[SourceQuality "1"]

1. d4 Nf6 2. c4 g6 3. Nc3 Bg7 4. e4 d6 5. f4 0-0 6. Nf3 c5 7. d5 e6 8. Be2 exd5 9. cxd5 Bg4 10. 0-0 Nbd7 11. h3 Bxf3 12. Bxf3 Re8 13. a4 c4 14. Be3 Qa5 15. Qe2 Qb4 16. Qf2 b6 17. Rfe1 Nc5 18. Bxc5 bxc5 19. Kh1 Rad8 20. g4 Nd7 21. Qc2 Qb3 22. Re2 Rb8 23. Ra3 Qxc2 24. Rxc2 a6 25. a5 h6 26. Kg2 Rb4 27. Be2 Bd4 28. Na4 Rxe4 29. Bxc4 Rxf4 30. Bxa6 f5 31. Bc8 Ne5 32. gxf5 Nc4 33. Rg3 Ne3+ 34. Rxe3 Bxe3 35. Nc3 gxf5 36. a6 c4 37. Bd7 Rb8 38. Re2 Bc5 39. Nb5 Kh8 40. Kg3 Rf1 41. Kh4 Rg8 42. a7 Rf3 43. Be6 Rd8 44. Rh2 Kg7 45. Kh5 Kf6 0-1

[Event "IECG RH.2006.0.00035 email"]
[Site "IECG email"]
[Date "2006.04.15"]
[Round "?"]
[White "Vidal, Lionel"]
[Black "Engelhard, Christof"]
[Result "1/2-1/2"]
[WhiteElo "2314"]
[BlackElo "2044"]
[PlyCount "87"]
[EventDate "2006.04.15"]
[EventType "tourn (corr)"]
[EventRounds "6"]
[SourceTitle "Corr 2008"]
[Source "ChessBase"]
[SourceDate "2008.06.24"]
[SourceVersion "1"]
[SourceVersionDate "2008.06.24"]
[SourceQuality "1"]

1. e4 e5 2. Nf3 Nf6 3. Nxe5 d6 4. Nf3 Nxe4 5. c4 Nc6 6. Nc3 Nxc3 7. dxc3 Bg4 8. h3 Bf5 9. Bd3 Qd7 10. 0-0 Be7 11. Bxf5 Qxf5 12. Qd5 Qg6 13. Bf4 0-0-0 14. Rfe1 Bf6 15. Rad1 h6 16. Nd4 Bxd4 17. cxd4 Rhe8 18. a3 Re6 19. b4 Rde8 20. Rxe6 fxe6 21. Qf3 Qf5 22. Qe3 g5 23. Bg3 Qc2 24. Qd3 Qxd3 25. Rxd3 a6 26. f4 Kd7 27. fxg5 hxg5 28. Kf2 b5 29. d5 Ne7 30. dxe6+ Kxe6 31. Rc3 c6 32. Rc2 Nf5 33. cxb5 cxb5 34. Re2+ Kd7 35. Rxe8 Kxe8 36. Kf3 Kf7 37. Bf2 d5 38. Be3 Kf6 39. g3 Nd6 40. h4 gxh4 41. gxh4 Nc4 42. Bc1 Kg6 43. Ke2 Kh5 44. Kd3 1/2-1/2

[Event "IECG RH.2006.0.00035 email"]
[Site "IECG email"]
[Date "2006.04.15"]
[Round "?"]
[White "Vidal, Lionel"]
[Black "Marez, Sebastien"]
[Result "0-1"]
[WhiteElo "2314"]
[BlackElo "2332"]
[PlyCount "102"]
[EventDate "2006.04.15"]
[EventType "tourn (corr)"]
[EventRounds "6"]
[SourceTitle "Corr 2008"]
[Source "ChessBase"]
[SourceDate "2008.06.24"]
[SourceVersion "1"]
[SourceVersionDate "2008.06.24"]
[SourceQuality "1"]

1. e4 c6 2. d4 d5 3. e5 Bf5 4. Nf3 e6 5. Be2 c5 6. Be3 cxd4 7. Nxd4 Ne7 8. Bg5 Qb6 9. Nc3 Nbc6 10. Ncb5 Nxd4 11. Qxd4 Qxd4 12. Nxd4 Bg6 13. Bb5+ Kd8 14. c4 a6 15. cxd5 axb5 16. d6 Kd7 17. dxe7 Bxe7 18. Be3 b4 19. 0-0 Rhc8 20. Rfd1 Ke8 21. Nb5 Rc2 22. a3 b3 23. h3 f6 24. Rd2 Ra5 25. Nd4 Rxd2 26. Bxd2 Rxe5 27. Bc3 Be4 28. Nxb3 Rg5 29. g3 Rh5 30. Kh2 Bf5 31. h4 g5 32. f3 Bd3 33. Kh3 gxh4 34. g4 Rg5 35. Re1 Kf7 36. Kxh4 f5 37. Kh3 h5 38. gxf5 Rxf5 39. Nd2 Bb5 40. Rg1 Bf8 41. Re1 Bc6 42. Kg2 Be7 43. Re5 Bd5 44. a4 Rxe5 45. Bxe5 Kg6 46. Bc3 Bc6 47. a5 Kf5 48. Nc4 Ba4 49. Ne3+ Kg6 50. Kg3 Kg5 51. Kg2 Bc6 0-1

[Event "IECG CM.2006.0.00296 email"]
[Site "IECG email"]
[Date "2006.02.11"]
[Round "?"]
[White "Le Duigou, Jean Guy"]
[Black "Vidal, Lionel"]
[Result "0-1"]
[WhiteElo "2211"]
[BlackElo "2314"]
[PlyCount "86"]
[EventDate "2006.02.11"]
[EventType "tourn (corr)"]
[EventRounds "6"]
[SourceTitle "Corr 2008"]
[Source "ChessBase"]
[SourceDate "2008.06.24"]
[SourceVersion "1"]
[SourceVersionDate "2008.06.24"]
[SourceQuality "1"]

1. Nf3 Nf6 2. c4 b6 3. d4 e6 4. g3 Ba6 5. b3 b5 6. cxb5 Bxb5 7. Bg2 d5 8. 0-0 Nbd7 9. Nc3 Ba6 10. Re1 Bb4 11. Bd2 c5 12. a3 Bxc3 13. Bxc3 Ne4 14. Rc1 c4 15. bxc4 Bxc4 16. Nd2 Nxd2 17. Bxd2 0-0 18. e4 Nb6 19. e5 Qd7 20. Bb4 Rfc8 21. Qd2 Qb5 22. Bc5 Bd3 23. Red1 Be2 24. Rb1 Qa6 25. Rdc1 Na4 26. Bd6 Qd3 27. Rxc8+ Rxc8 28. Qxd3 Bxd3 29. Rb8 Rxb8 30. Bxb8 a6 31. f4 Kf8 32. Bd6+ Ke8 33. Kf2 Nb2 34. Ke3 Bf5 35. Bc5 Nc4+ 36. Kf2 Kd7 37. Bf3 Kc6 38. Bd1 Kb5 39. Ke1 Nb2 40. Kd2 Kc4 41. Be2+ Bd3 42. Bd1 a5 43. Bf3 Na4 0-1

[Event "IECG CM.2006.0.00296 email"]
[Site "IECG email"]
[Date "2006.02.11"]
[Round "?"]
[White "Schiller, Wilfried"]
[Black "Vidal, Lionel"]
[Result "1-0"]
[WhiteElo "2216"]
[BlackElo "2314"]
[PlyCount "81"]
[EventDate "2006.02.11"]
[EventType "tourn (corr)"]
[EventRounds "6"]
[SourceTitle "Corr 2008"]
[Source "ChessBase"]
[SourceDate "2008.06.24"]
[SourceVersion "1"]
[SourceVersionDate "2008.06.24"]
[SourceQuality "1"]

1. e4 c6 2. Nf3 d5 3. Nc3 Bg4 4. Be2 e6 5. 0-0 Nf6 6. h3 Bxf3 7. Bxf3 Nbd7 8. d4 dxe4 9. Nxe4 Nxe4 10. Bxe4 Bd6 11. Bd3 Nf6 12. c3 Qc7 13. Qf3 h6 14. c4 Qe7 15. a4 Bc7 16. Rd1 Qd6 17. g3 Qxd4 18. a5 a6 19. Bf1 Qc5 20. Qb3 Qa7 21. Be3 Qb8 22. Qa3 h5 23. Rd3 h4 24. g4 Bh2+ 25. Kg2 Bf4 26. Bb6 Nd7 27. Rad1 Nxb6 28. axb6 Qc8 29. Qc5 e5 30. Kg1 Rh6 31. Bg2 Re6 32. Be4 g6 33. Rd6 Rb8 34. b4 Bg5 35. b5 axb5 36. cxb5 cxb5 37. Rxe6+ Qxe6 38. Rd6 Qe7 39. Qxb5+ Kf8 40. Rd7 Qe8 41. Bd5 1-0

[Event "IECG CM.2006.0.00296 email"]
[Site "IECG email"]
[Date "2006.02.11"]
[Round "?"]
[White "Vidal, Lionel"]
[Black "Marcinkiewicz, Witold"]
[Result "1-0"]
[WhiteElo "2314"]
[BlackElo "2204"]
[PlyCount "67"]
[EventDate "2006.02.11"]
[EventType "tourn (corr)"]
[EventRounds "6"]
[SourceTitle "Corr 2008"]
[Source "ChessBase"]
[SourceDate "2008.06.24"]
[SourceVersion "1"]
[SourceVersionDate "2008.06.24"]
[SourceQuality "1"]

1. Nc3 d5 2. e4 d4 3. Nce2 e5 4. Ng3 Be6 5. Nf3 f6 6. c3 c5 7. Bb5+ Nc6 8. Bxc6+ bxc6 9. d3 Qd7 10. cxd4 cxd4 11. 0-0 h5 12. Nh4 Ne7 13. Bd2 g5 14. Nxh5 Rxh5 15. Qxh5+ Bf7 16. Qh8 gxh4 17. Qxf6 Ng6 18. f4 exf4 19. Bxf4 Be7 20. Qg7 Bf8 21. Qh7 h3 22. Bg3 Qe6 23. gxh3 Bg8 24. Qh5 Be7 25. Rac1 Bf7 26. Rf5 Nf8 27. Qh8 Qg6 28. Qxd4 c5 29. Qa4+ Nd7 30. Rxf7 Qxf7 31. Qc6 Rd8 32. e5 Qxa2 33. Rf1 Qg8 34. e6 1-0

[Event "IECG WC.2003.T.00003 email"]
[Site "IECG email"]
[Date "2002.08.04"]
[Round "?"]
[White "Valeinis, Janis"]
[Black "Vidal, Lionel"]
[Result "1-0"]
[WhiteElo "2359"]
[BlackElo "2343"]
[PlyCount "93"]
[EventDate "2002.08.04"]
[EventType "tourn (corr)"]
[EventRounds "10"]
[SourceTitle "Corr 2008"]
[Source "ChessBase"]
[SourceDate "2008.06.24"]
[SourceVersion "1"]
[SourceVersionDate "2008.06.24"]
[SourceQuality "1"]

1. d4 e6 2. c4 b6 3. e4 Bb7 4. Bd3 Nc6 5. Ne2 Nb4 6. Nbc3 Nxd3+ 7. Qxd3 d6 8. 0-0 Ne7 9. d5 Qd7 10. f4 g6 11. Be3 Bg7 12. Bd4 e5 13. fxe5 dxe5 14. Bf2 f5 15. Bh4 0-0 16. Bxe7 fxe4 17. Nxe4 Qxe7 18. c5 Rad8 19. N2c3 Rf4 20. b4 h6 21. Rad1 Kh7 22. Qe3 bxc5 23. bxc5 Ba6 24. Rfe1 Bc4 25. c6 Qa3 26. Qc5 Qa6 27. d6 Bf8 28. Qxe5 Rf5 29. Nf6+ Kh8 30. Qe7 Bxe7 31. dxe7 Re8 32. Nxe8 Bf7 33. Rd8 Kh7 34. Ne4 Bxe8 35. Rxe8 Qb6+ 36. Kh1 Re5 37. Rd8 Qb4 38. Nf6+ Kg7 39. Rf1 Rf5 40. e8N+ Kf7 41. Rd7+ Kf8 42. Rg1 Qc4 43. Rdd1 Rf2 44. Rge1 Qxc6 45. Nd7+ Kg8 46. Nef6+ Rxf6 47. Re8+ 1-0

[Event "IECG WC.2003.T.00003 email"]
[Site "IECG email"]
[Date "2002.08.04"]
[Round "?"]
[White "Vidal, Lionel"]
[Black "Utesch, Wolfgang"]
[Result "1/2-1/2"]
[WhiteElo "2343"]
[BlackElo "2067"]
[PlyCount "38"]
[EventDate "2002.08.04"]
[EventType "tourn (corr)"]
[EventRounds "10"]
[SourceTitle "Corr 2008"]
[Source "ChessBase"]
[SourceDate "2008.06.24"]
[SourceVersion "1"]
[SourceVersionDate "2008.06.24"]
[SourceQuality "1"]

1. Nf3 d5 2. c4 d4 3. b4 f6 4. e3 e5 5. c5 a5 6. Bc4 axb4 7. Qb3 Nh6 8. 0-0 Bxc5 9. exd4 Bxd4 10. Nxd4 Qxd4 11. Bb2 Qd6 12. d4 exd4 13. Re1+ Kf8 14. Nd2 Ng4 15. h3 Qh2+ 16. Kf1 Nc6 17. hxg4 Qh1+ 18. Ke2 Bxg4+ 19. f3 Re8+ 1/2-1/2

[Event "IECG WC.2004.S.00004 email"]
[Site "IECG email"]
[Date "2002.05.08"]
[Round "?"]
[White "De Silva, Dinesh"]
[Black "Vidal, Lionel"]
[Result "0-1"]
[WhiteElo "2231"]
[BlackElo "1950"]
[PlyCount "110"]
[EventDate "2002.05.08"]
[EventType "tourn (corr)"]
[EventRounds "8"]
[SourceTitle "Corr 2008"]
[Source "ChessBase"]
[SourceDate "2008.06.24"]
[SourceVersion "1"]
[SourceVersionDate "2008.06.24"]
[SourceQuality "1"]

1. d4 Nf6 2. c4 g6 3. Nc3 d5 4. cxd5 Nxd5 5. e4 Nxc3 6. bxc3 Bg7 7. Bc4 c5 8. Ne2 0-0 9. Be3 Nc6 10. Rc1 cxd4 11. cxd4 Qa5+ 12. Kf1 Qa3 13. Rc3 Qd6 14. h4 h5 15. f3 Be6 16. Bf4 Qd7 17. d5 Na5 18. Nd4 Nxc4 19. Rxc4 Bxd5 20. Ne2 Be6 21. Qxd7 Bxd7 22. Kf2 Rac8 23. Rhc1 Rxc4 24. Rxc4 Rc8 25. Rxc8+ Bxc8 26. Bb8 a6 27. Ba7 b5 28. Nd4 e5 29. Nc2 f5 30. Ke2 Bf6 31. Bf2 Kf7 32. Nb4 a5 33. Nc6 fxe4 34. fxe4 Bb7 35. Nxa5 Bxe4 36. g3 Bb1 37. a3 Be7 38. Nc6 Bxa3 39. Nxe5+ Ke6 40. Nc6 Kd5 41. Na5 Ba2 42. Kd3 Bb4 43. Bb6 Kd6 44. Ke2 Bd5 45. Bd8 Bc3 46. Bb6 Be5 47. Kf2 Kd7 48. Bc5 Kc7 49. Bb4 Kb6 50. Ke3 Bxg3 51. Kd4 Bf7 52. Ke4 Bxh4 53. Ke3 Bd8 54. Kf2 h4 55. Kg2 Bd5+ 0-1

[Event "IECG WC.2004.S.00004 email"]
[Site "IECG email"]
[Date "2002.05.08"]
[Round "?"]
[White "Hotting, Arend"]
[Black "Vidal, Lionel"]
[Result "1-0"]
[WhiteElo "2468"]
[BlackElo "1950"]
[PlyCount "85"]
[EventDate "2002.05.08"]
[EventType "tourn (corr)"]
[EventRounds "8"]
[SourceTitle "Corr 2008"]
[Source "ChessBase"]
[SourceDate "2008.06.24"]
[SourceVersion "1"]
[SourceVersionDate "2008.06.24"]
[SourceQuality "1"]

1. e4 c5 2. Nf3 d6 3. d4 cxd4 4. Nxd4 Nf6 5. Nc3 g6 6. Be3 Bg7 7. f3 Nc6 8. Qd2 0-0 9. 0-0-0 Bd7 10. g4 Rc8 11. h4 Ne5 12. h5 Qa5 13. Kb1 Nxf3 14. Nxf3 Rxc3 15. Qxc3 Qxc3 16. bxc3 Bxg4 17. Bg2 Nxe4 18. Rd3 Nxc3+ 19. Kb2 Nd1+ 20. Ka3 Nxe3 21. Rxe3 Rc8 22. hxg6 hxg6 23. c3 Rc5 24. Nd4 e5 25. Nb3 Rc7 26. Bd5 Kf8 27. c4 f5 28. Rg3 Bh5 29. Rxh5 gxh5 30. Rg5 f4 31. Rxh5 Bf6 32. Nd2 Kg7 33. Ne4 Kg6 34. Rh1 Be7 35. Kb3 b6 36. Rg1+ Kh6 37. Be6 Kh7 38. a4 Kh8 39. Kc3 Rb7 40. Rh1+ Kg7 41. Bf5 Rc7 42. Rh7+ Kf8 43. Ng5 1-0